Geography Quiz

Random Geography or City Quiz

Populous Cities: Asia Quiz Stats

Quiz Updated Oct 26, 2015

Challenge
Share
Tweet
Embed
Score 0/51 Timer 07:00
4 Plays Today
% Correct
Ho Chi Minh City
93.5%
Bangkok
92.6%
Hanoi
91.4%
Tokyo
90.6%
Tehran
89.8%
Seoul
89.8%
Beijing
89.1%
Manila
87.8%
Jerusalem
87.5%
Pyongyang
86.9%
Delhi
86.4%
Baghdad
86.2%
Osaka
85.8%
Kabul
85.7%
Shanghai
84.8%
Tel Aviv
84.4%
Mumbai
84.1%
Abu Dhabi
83.9%
Jakarta
83.7%
Dubai
83.5%
Yokohama
83%
Riyadh
82.5%
Mecca
80.1%
Guangzhou
75.3%
Kolkata
73.6%
Bishkek
70.8%
% Correct
Haifa
63.4%
Mosul
62.8%
Quezon City
61%
Basra
60.7%
Kandahar
59.2%
Jeddah
59%
Incheon
58.9%
Da Nang
58.7%
Naypyidaw
56.4%
Busan
53.1%
Pak Kret
53%
Yangon
52.5%
Chongjin
47.4%
Surabaya
47%
Isfahan
43.9%
Mandalay
42.1%
Osh
41.2%
Bandung
36%
Mashhad
32.9%
Herat
31%
Sharjah
30.3%
Hamhung
29.3%
Caloocan
25.4%
Nonthaburi
24.7%
Jalal-Abad
20.5%

You're not logged in!

Compare scores with friends on all Sporcle quizzes.
Sign Up with Email
OR
Log In

You Might Also Like...

Show Comments

Extras

Top Quizzes Today


Score Distribution

Your Account Isn't Verified!

In order to create a playlist on Sporcle, you need to verify the email address you used during registration. Go to your Sporcle Settings to finish the process.